| 000 | 00876cam a22002413a 4500 | ||
|---|---|---|---|
| 001 | 28019 | ||
| 003 | PGUSA | ||
| 005 | 20140828083615.0 | ||
| 008 | 090207s2009||||xxu|||||s|||||000 | eng d | ||
| 040 |
_aPGUSA _beng |
||
| 042 | _adc | ||
| 050 | 4 | _aQL | |
| 100 | 1 |
_aTorrey, Bradford, _d1843-1912 |
|
| 245 | 1 | 0 |
_aBirds in the Bush _h[electronic resource] / _cBradford Torrey |
| 260 |
_bProject Gutenberg, _c2009 |
||
| 505 | 0 | _aOn Boston Common -- Bird-songs -- Character in feathers -- In the White mountains -- Phillida and Coridon -- Scraping acquaintance -- Minor songsters -- Winter birds about Boston -- A bird-lover's April -- An Owl's Head holiday -- A month's music. | |
| 506 | _aPublic domain in the USA. | ||
| 516 | _aElectronic text | ||
| 653 | _aBirds | ||
| 830 | 0 |
_aProject Gutenberg _v28019 |
|
| 856 | 4 | 0 | _uhttp://www.gutenberg.org/ebooks/28019 |
| 942 | _cEB | ||
| 999 |
_c257274 _d257274 |
||